[Event "2. Bundesliga Mitte 2011/12"]
[Site "St.Valentin"]
[Date "2011.10.21"]
[Round "1"]
[Board "1"]
[White "Mohr, Georg"]
[Black "Stevic, Hrvoje"]
[Result "1/2-1/2"]
[WhiteElo "2492"]
[BlackElo "2621"]
[PlyCount "61"]
[EventDate "2011.10.21"]
[EventType "team"]
[EventRounds "11"]
[EventCountry "AUT"]
[WhiteTeam "Strassenbahn Graz"]
[BlackTeam "ZH-Technologies-Wolfsberg"]

1.d4 d5 2.c4 dxc4 3.Nf3 Nf6 4.e3 e6 5.Bxc4 a6 6.O-O c5 7.dxc5 Qxd1 8.Rxd1 Bxc5
9.Nbd2 Nbd7 10.b3 b6 11.Bb2 Bb7 12.Be2 O-O 13.Ne5 Nxe5 14.Bxe5 Rfd8 15.Bxf6 gxf6
16.Bf3 Bxf3 17.Nxf3 Kf8 18.Kf1 Ke7 19.Ke2 Rxd1 20.Rxd1 Rd8 21.Rxd8 Kxd8 22.e4
Kd7 23.Ne1 Bd6 24.h3 Kc6 25.Nd3 f5 26.Ke3 fxe4 27.Kxe4 f5+ 28.Kd4 Kd7 29.Kc4 Kc6
30.Kd4 Kd7 31.Kc4 1/2-1/2

[Event "2. Bundesliga Mitte 2011/12"]
[Site "St.Valentin"]
[Date "2011.10.21"]
[Round "1"]
[Board "3"]
[White "Krebs, Johann"]
[Black "Jovanovic, Zoran"]
[Result "0-1"]
[WhiteElo "2284"]
[BlackElo "2589"]
[PlyCount "120"]
[EventDate "2011.10.21"]
[EventType "team"]
[EventRounds "11"]
[EventCountry "AUT"]
[WhiteTeam "Strassenbahn Graz"]
[BlackTeam "ZH-Technologies-Wolfsberg"]

1.d4 d6 2.c4 e5 3.Nf3 e4 4.Ng5 Nf6 5.Nc3 Qe7 6.Qc2 Nc6 7.d5 Nd4 8.Qb1 e3 9.fxe3
Nf5 10.e4 Nh4 11.g3 Ng6 12.Bg2 Ne5 13.Nf3 Nfd7 14.Nb5 Qd8 15.Bg5 Be7 16.Bxe7
Kxe7 17.Qc1 h6 18.c5 a6 19.Nbd4 Re8 20.O-O Kf8 21.Ne6+ fxe6 22.Nxe5+ Kg8 23.Nf7
Qe7 24.cxd6 cxd6 25.Qc7 Nf6 26.Qxe7 Rxe7 27.Nxd6 exd5 28.Rac1 Bg4 29.exd5 Rd8
30.Nf5 Bxf5 31.Rxf5 Rxe2 32.Rf2 Re7 33.Bf3 Kf7 34.Bh5+ Kf8 35.d6 Red7 36.Rc7
Rxc7 37.dxc7 Rc8 38.Bf3 Rxc7 39.Rd2 Ke7 40.Kf2 b6 41.Ke3 a5 42.Kf4 Rc4+ 43.Ke5
Rc5+ 44.Kd4 Rc1 45.a3 Kd6 46.Re2 Rc5 47.Re3 Nd7 48.Rc3 Ne5 49.Be2 Nc6+ 50.Ke4
Re5+ 51.Kd3 Rb5 52.Rc2 Rd5+ 53.Ke4 Re5+ 54.Kd3 Rf5 55.Ke3 Re5+ 56.Kd3 Re7 57.Rd2
b5 58.Bf3 Ne5+ 59.Ke4+ Kc7 60.Be2 Nc4+ 0-1

[Event "2. Bundesliga Mitte 2011/12"]
[Site "St.Valentin"]
[Date "2011.10.21"]
[Round "1"]
[Board "6"]
[White "Toefferl, Heimo"]
[Black "Schink, Barbara"]
[Result "1/2-1/2"]
[WhiteElo "2102"]
[BlackElo "2069"]
[PlyCount "142"]
[EventDate "2011.10.21"]
[EventType "team"]
[EventRounds "11"]
[EventCountry "AUT"]
[WhiteTeam "ZH-Technologies-Wolfsberg"]
[BlackTeam "Strassenbahn Graz"]

1.d4 d5 2.c4 dxc4 3.e3 e5 4.Bxc4 exd4 5.exd4 Nf6 6.Nf3 Bd6 7.O-O O-O 8.Nc3 Nc6
9.h3 h6 10.a3 Bf5 11.b4 a6 12.Re1 Re8 13.Bb2 Qd7 14.Bf1 Rxe1 15.Qxe1 Re8 16.Qd2
Ne4 17.Nxe4 Bxe4 18.Nh2 Qf5 19.Re1 Rd8 20.Qe3 Bd5 21.Bd3 Qf4 22.Ng4 f6 23.Qxf4
Bxf4 24.g3 Bd6 25.f4 Bf7 26.Kf2 h5 27.Ne3 h4 28.Nf5 hxg3+ 29.Kxg3 Bf8 30.Be4 Re8
31.Bc3 Nd8 32.Bf3 Rxe1 33.Bxe1 g6 34.Ne3 Bd6 35.d5 g5 36.Ng2 Be8 37.h4 gxh4+
38.Nxh4 Bd7 39.Bg4 Bxg4 40.Kxg4 Kf7 41.Nf5 Bf8 42.a4 b6 43.Nd4 Bd6 44.Kf5 Nb7
45.Ne6 a5 46.bxa5 Nxa5 47.Bxa5 bxa5 48.Nd8+ Kg7 49.Nc6 Bb4 50.Ke6 Kg6 51.Nd4 Bd6
52.f5+ Kg5 53.Nc6 Bb4 54.Nb8 Bc3 55.Nd7 Bd4 56.Nf8 Kh6 57.Kd7 Kg5 58.Ne6+ Kxf5
59.Nxd4+ Ke5 60.Kxc7 Kxd5 61.Nc2 Kc4 62.Kb6 Kb3 63.Kxa5 Kxc2 64.Kb4 f5 65.Kc4
Kd2 66.Kd4 Ke2 67.Ke5 Ke3 68.a5 f4 69.a6 f3 70.a7 f2 71.a8=Q f1=Q 1/2-1/2

[Event "2. Bundesliga Mitte 2011/12"]
[Site "St.Valentin"]
[Date "2011.10.21"]
[Round "1"]
[Board "1"]
[White "Kovacs, Gabor"]
[Black "Tratar, Marko"]
[Result "1-0"]
[WhiteElo "2498"]
[BlackElo "2477"]
[PlyCount "99"]
[EventDate "2011.10.21"]
[EventType "team"]
[EventRounds "11"]
[EventCountry "AUT"]
[WhiteTeam "Union Styria Graz Kleine Zeitung"]
[BlackTeam "SK MPOE Maria Saal"]

1.d4 Nf6 2.c4 e6 3.Nc3 Bb4 4.e3 O-O 5.Nf3 d5 6.Bd3 b6 7.O-O Bb7 8.a3 Bxc3 9.bxc3
dxc4 10.Bxc4 c5 11.Re1 Qc7 12.Bd3 Be4 13.c4 Nc6 14.Bb2 Rad8 15.Bxe4 Nxe4 16.Qc2
f5 17.Rad1 cxd4 18.exd4 Na5 19.Ne5 b5 20.c5 Nc6 21.Nxc6 Qxc6 22.Qb3 Rfe8 23.Re2
Qd5 24.Qxb5 Nxc5 25.Rde1 Ne4 26.Qa6 Qd6 27.Qa4 Rd7 28.Rc1 Kf7 29.f3 Nf6 30.Re5
Rc7 31.Rxc7+ Qxc7 32.Rc5 Qb7 33.Rb5 Qc7 34.Qb3 Re7 35.Rxf5 Qb7 36.Rb5 Qa6 37.a4
Rd7 38.h3 Rd5 39.Bc3 Rxb5 40.axb5 Qb6 41.Qc4 Nd5 42.Bd2 Nc7 43.Kh1 Nxb5 44.d5 a6
45.Qf4+ Kg8 46.Bb4 h6 47.d6 Nd4 48.d7 Ne2 49.Qf8+ Kh7 50.Qc5 1-0

[Event "2. Bundesliga Mitte 2011/12"]
[Site "St.Valentin"]
[Date "2011.10.21"]
[Round "1"]
[Board "3"]
[White "Danner, Georg"]
[Black "Hartl, Daniel"]
[Result "1-0"]
[WhiteElo "2408"]
[BlackElo "2272"]
[PlyCount "97"]
[EventDate "2011.10.21"]
[EventType "team"]
[EventRounds "11"]
[EventCountry "AUT"]
[WhiteTeam "Union Styria Graz Kleine Zeitung"]
[BlackTeam "SK MPOE Maria Saal"]

1.d4 d5 2.Nf3 Nf6 3.c4 c6 4.e3 Bf5 5.Nc3 e6 6.Nh4 Bg6 7.g3 Nbd7 8.cxd5 cxd5
9.Qb3 Qb6 10.Qxb6 Nxb6 11.Bb5+ Nbd7 12.Nxg6 hxg6 13.Bd2 Bd6 14.Ke2 g5 15.Rac1
Ne4 16.Nxe4 dxe4 17.f3 exf3+ 18.Kxf3 a6 19.Ba4 Ke7 20.e4 f6 21.e5 fxe5 22.Bxg5+
Nf6 23.dxe5 Bxe5 24.Rhe1 Bd6 25.Bb3 e5 26.h4 Rac8 27.Bd5 Rxc1 28.Rxc1 Rb8 29.g4
a5 30.h5 Rf8 31.Be4 Ke6 32.Bf5+ Kd5 33.Rd1+ Kc6 34.Bxf6 Rxf6 35.Ke4 Rf8 36.Rc1+
Kb6 37.Kd5 Be7 38.Kxe5 Bg5 39.Rc2 Ka6 40.b3 Kb5 41.Rc4 Kb6 42.a4 Re8+ 43.Be6 Rf8
44.Bf5 Re8+ 45.Kd5 Re3 46.Re4 Rxb3 47.Re6+ Kc7 48.Rg6 Bf6 49.h6 1-0

[Event "2. Bundesliga Mitte 2011/12"]
[Site "St.Valentin"]
[Date "2011.10.21"]
[Round "1"]
[Board "5"]
[White "Manhardt, Thomas"]
[Black "Rieger, Robert"]
[Result "1/2-1/2"]
[WhiteElo "2148"]
[BlackElo "2167"]
[PlyCount "111"]
[EventDate "2011.10.21"]
[EventType "team"]
[EventRounds "11"]
[EventCountry "AUT"]
[WhiteTeam "Union Styria Graz Kleine Zeitung"]
[BlackTeam "SK MPOE Maria Saal"]

1.e4 c5 2.Nf3 Nc6 3.d4 cxd4 4.Nxd4 Nf6 5.Nc3 e5 6.Ndb5 d6 7.Nd5 Nxd5 8.exd5 Nb8
9.c4 a6 10.Nc3 Be7 11.Be2 O-O 12.O-O f5 13.f4 Bf6 14.Qc2 g6 15.Kh1 Nd7 16.Be3
exf4 17.Bxf4 Be5 18.g3 Bxf4 19.gxf4 Qh4 20.Qd3 b5 21.cxb5 axb5 22.Nxb5 Nc5
23.Qg3 Qf6 24.Nc3 Bb7 25.Rfd1 Ne4 26.Qe3 Rae8 27.Bb5 Re7 28.Qf3 Rc8 29.Rac1 Rc5
30.Bc6 Ba6 31.Re1 Nxc3 32.Rxe7 Qxe7 33.bxc3 Be2 34.Qg3 Rc4 35.Kg1 Re4 36.Re1
Qa7+ 37.Qf2 Qxa2 38.Bb5 Bxb5 39.Qxa2 Rxe1+ 40.Kf2 Re2+ 41.Qxe2 Bxe2 42.Kxe2 Kf7
43.Ke3 Ke7 44.c4 Kf6 45.h4 h6 46.Kf3 Ke7 47.Ke3 Kf6 48.Kd4 g5 49.fxg5+ hxg5
50.h5 g4 51.h6 Kg6 52.c5 dxc5+ 53.Ke3 c4 54.d6 f4+ 55.Kxf4 c3 56.Kxg4 1/2-1/2

[Event "2. Bundesliga Mitte 2011/12"]
[Site "St.Valentin"]
[Date "2011.10.21"]
[Round "1"]
[Board "6"]
[White "Horvath, Gabor"]
[Black "Stagl, Marco"]
[Result "0-1"]
[WhiteElo "2269"]
[BlackElo "2124"]
[PlyCount "56"]
[EventDate "2011.10.21"]
[EventType "team"]
[EventRounds "11"]
[EventCountry "AUT"]
[WhiteTeam "SK MPOE Maria Saal"]
[BlackTeam "Union Styria Graz Kleine Zeitung"]

1.e4 d5 2.exd5 Nf6 3.d4 Nxd5 4.c4 Nb6 5.Nf3 g6 6.Be2 Bg7 7.O-O O-O 8.Nc3 Nc6
9.c5 Nd5 10.Qb3 Be6 11.Qxb7 Ndb4 12.Bf4 Rb8 13.Qxc7 Qxc7 14.Bxc7 Rbc8 15.Be5
Nxe5 16.Nxe5 Nc2 17.Ba6 Rb8 18.Nc6 Nxa1 19.Nxb8 Rxb8 20.Rxa1 Bxd4 21.c6 Rb6
22.Nb5 Bxb2 23.Rb1 Rxc6 24.Bb7 Rb6 25.Ba6 Rxa6 26.Rxb2 Rb6 27.Rb1 Bxa2 28.Rb2
Bc4 0-1

[Event "2. Bundesliga Mitte 2011/12"]
[Site "St.Valentin"]
[Date "2011.10.21"]
[Round "1"]
[Board "1"]
[White "Neubauer, Martin"]
[Black "Flumbort, Andras"]
[Result "1/2-1/2"]
[WhiteElo "2431"]
[BlackElo "2539"]
[PlyCount "48"]
[EventDate "2011.10.21"]
[EventType "team"]
[EventRounds "11"]
[EventCountry "AUT"]
[WhiteTeam "SV ASVOE Fundermax St. Veit/Glan"]
[BlackTeam "ASK St. Valentin"]

1.d4 Nf6 2.c4 c5 3.d5 e6 4.Nc3 exd5 5.cxd5 d6 6.Nf3 g6 7.Bf4 Bg7 8.e3 O-O 9.h3
Na6 10.Bc4 Nc7 11.O-O Re8 12.a4 b6 13.Re1 Ne4 14.Nxe4 Rxe4 15.Qc2 Re8 16.e4 Ba6
17.Bxa6 Nxa6 18.Qd2 Nb4 19.Rad1 Qd7 20.b3 Rad8 21.Bg5 Rc8 22.Bf4 Rcd8 23.Bg5 Rc8
24.Bf4 Rcd8 1/2-1/2

[Event "2. Bundesliga Mitte 2011/12"]
[Site "St.Valentin"]
[Date "2011.10.21"]
[Round "1"]
[Board "2"]
[White "Gonda, Laszlo"]
[Black "Hebesberger, Thomas"]
[Result "1-0"]
[WhiteElo "2520"]
[BlackElo "2329"]
[PlyCount "57"]
[EventDate "2011.10.21"]
[EventType "team"]
[EventRounds "11"]
[EventCountry "AUT"]
[WhiteTeam "ASK St. Valentin"]
[BlackTeam "SV ASVOE Fundermax St. Veit/Glan"]

1.d4 d6 2.Nf3 Bg4 3.c4 Nd7 4.Nc3 Bxf3 5.exf3 g6 6.Be3 Bg7 7.Qd2 e6 8.g4 c6 9.Ne4
Ndf6 10.Bf4 Nxe4 11.fxe4 Nf6 12.f3 d5 13.cxd5 exd5 14.e5 Nd7 15.O-O-O O-O 16.Kb1
f6 17.e6 Nb6 18.Bd3 Qe7 19.Rhe1 Rad8 20.h4 Rfe8 21.Qc2 Bf8 22.g5 f5 23.h5 Bg7
24.hxg6 hxg6 25.Qh2 Nc4 26.Re2 Qb4 27.Bxc4 dxc4 28.Rh1 Rxd4 29.Be5 1-0

[Event "2. Bundesliga Mitte 2011/12"]
[Site "St.Valentin"]
[Date "2011.10.21"]
[Round "1"]
[Board "3"]
[White "Kaspret, Guido"]
[Black "Sandhoefner, Florian"]
[Result "1-0"]
[WhiteElo "2292"]
[BlackElo "2201"]
[PlyCount "161"]
[EventDate "2011.10.21"]
[EventType "team"]
[EventRounds "11"]
[EventCountry "AUT"]
[WhiteTeam "SV ASVOE Fundermax St. Veit/Glan"]
[BlackTeam "ASK St. Valentin"]

1.c4 e5 2.Nc3 Nf6 3.Nf3 Nc6 4.d3 g6 5.g3 Bg7 6.Bg2 O-O 7.O-O d6 8.d4 h6 9.d5 Ne7
10.e4 Nd7 11.Ne1 f5 12.f3 f4 13.Nd3 g5 14.g4 Kf7 15.c5 Nxc5 16.Nxc5 dxc5 17.Qb3
Kg6 18.Rd1 Rf6 19.Bd2 Kh7 20.Qc4 b6 21.b4 cxb4 22.Qxb4 Ng6 23.Be1 Bf8 24.Qb2 a6
25.Bf2 Bd6 26.Nb1 Bd7 27.Nd2 b5 28.Nb3 Qe7 29.Qc2 Nh4 30.Nc5 h5 31.Nxd7 Qxd7
32.Bxh4 gxh4 33.Bh3 hxg4 34.Bxg4 Qe7 35.Kh1 Bc5 36.Rac1 Bb6 37.Qg2 Rg8 38.Qh3
Rd6 39.Be6 Rg5 40.Qxh4+ Kg7 41.Qh3 c5 42.dxc6 Rxd1+ 43.Rxd1 Qd6 44.Bd5 Qg6
45.Qf1 Kh7 46.Rc1 Rg1+ 47.Qxg1 Bxg1 48.Rxg1 Qh5 49.Rf1 Qh3 50.Kg1 Qh6 51.Rc1
Qg7+ 52.Kh1 Qc7 53.Be6 a5 54.Kg2 a4 55.Rc2 b4 56.Bd5 Kg7 57.Rc4 b3 58.Rxa4 bxa2
59.Rxa2 Qb6 60.Kh3 Kf6 61.Kg2 Ke7 62.h4 Kd6 63.h5 Qc7 64.Kf1 Qc8 65.Rh2 Qa6+
66.Kg1 Qb6+ 67.Rf2 Qd8 68.Rg2 Qh4 69.Rg6+ Kc7 70.Rg7+ Kb6 71.c7 Qe1+ 72.Kg2 Qe2+
73.Kh3 Qxf3+ 74.Kh4 Qf2+ 75.Kg5 Qg3+ 76.Kf6 Qh4+ 77.Ke6 Qh3+ 78.Kd6 Qa3+ 79.Kd7
Qh3+ 80.Kd8 Qh4+ 81.Re7 1-0

[Event "2. Bundesliga Mitte 2011/12"]
[Site "St.Valentin"]
[Date "2011.10.21"]
[Round "1"]
[Board "6"]
[White "Heimberger, Reinhard"]
[Black "Kuess, Mario"]
[Result "1/2-1/2"]
[WhiteElo "2313"]
[BlackElo "2106"]
[PlyCount "76"]
[EventDate "2011.10.21"]
[EventType "team"]
[EventRounds "11"]
[EventCountry "AUT"]
[WhiteTeam "ASK St. Valentin"]
[BlackTeam "SV ASVOE Fundermax St. Veit/Glan"]

1.g3 f5 2.d4 Nf6 3.Bg2 e6 4.Nf3 d6 5.O-O Be7 6.b3 O-O 7.Bb2 Qe8 8.c4 Qh5 9.Nc3
Nbd7 10.Qc2 e5 11.dxe5 dxe5 12.e4 f4 13.gxf4 exf4 14.Nd5 Bd6 15.Nxf6+ gxf6
16.Kh1 Ne5 17.Qd1 Bg4 18.Qd5+ Kh8 19.Nxe5 Bxe5 20.f3 Bxb2 21.Rab1 Be5 22.fxg4
Qxg4 23.Bf3 Qh3 24.Rbd1 Rg8 25.Qd7 Qxd7 26.Rxd7 Rad8 27.Rxd8 Rxd8 28.Rd1 Rxd1+
29.Bxd1 Kg7 30.Kg2 Kf7 31.h4 Ke7 32.h5 h6 33.Kf3 a5 34.Ke2 Kd6 35.Kd3 Kc5 36.a4
Kb4 37.Kc2 b6 38.Bf3 Bd4 1/2-1/2

[Event "2. Bundesliga Mitte 2011/12"]
[Site "St.Valentin"]
[Date "2011.10.21"]
[Round "1"]
[Board "2"]
[White "Nemeth, Miklos"]
[Black "Wertjanz, David"]
[Result "1/2-1/2"]
[WhiteElo "2438"]
[BlackElo "2257"]
[PlyCount "110"]
[EventDate "2011.10.21"]
[EventType "team"]
[EventRounds "11"]
[EventCountry "AUT"]
[WhiteTeam "SV Steyregg"]
[BlackTeam "SC Die Klagenfurter"]

1.e4 c5 2.Nf3 d6 3.d4 cxd4 4.Qxd4 Nc6 5.Bb5 Bd7 6.Bxc6 Bxc6 7.Nc3 Nf6 8.Bg5 e6
9.O-O-O Be7 10.Qd3 Qa5 11.h4 h6 12.Bf4 d5 13.Nd4 dxe4 14.Nxc6 bxc6 15.Qc4 Qc5
16.Qa4 O-O 17.Nxe4 Nxe4 18.Qxe4 Qxf2 19.Be3 Qe2 20.Rhe1 Qa6 21.a3 Bf6 22.Rd6
Rfd8 23.Rxd8+ Rxd8 24.g3 Qb7 25.Qb4 Qc7 26.Bf4 e5 27.Bd2 Rd4 28.Qb3 e4 29.Qe3
Rd8 30.Re2 Re8 31.Bc3 Bxc3 32.Qxc3 c5 33.Qe3 Rd8 34.Qxe4 Qxg3 35.Rg2 Qd6 36.Qg4
Qd4 37.a4 f5 38.Qe2 Qxa4 39.Rxg7+ Kxg7 40.Qe7+ Kg6 41.Qxd8 Kh5 42.c3 Qxh4
43.Qe8+ Kg4 44.Qe2+ Kf4 45.Qc4+ Kg3 46.Qxc5 Qh1+ 47.Kc2 f4 48.Qe5 Qf1 49.Qg7+
Kf2 50.Qxa7+ Kg2 51.Qg7+ Kh1 52.Qxh6+ Kg1 53.Qb6+ Kh1 54.Qh6+ Kg1 55.Qb6+ Kh1 1/2-1/2

[Event "2. Bundesliga Mitte 2011/12"]
[Site "St.Valentin"]
[Date "2011.10.21"]
[Round "1"]
[Board "3"]
[White "Genser, Harald"]
[Black "Webersberger, Johann"]
[Result "1/2-1/2"]
[WhiteElo "2291"]
[BlackElo "2380"]
[PlyCount "59"]
[EventDate "2011.10.21"]
[EventType "team"]
[EventRounds "11"]
[EventCountry "AUT"]
[WhiteTeam "SC Die Klagenfurter"]
[BlackTeam "SV Steyregg"]

1.d4 g6 2.c4 Bg7 3.e4 c5 4.d5 d6 5.Ne2 Nf6 6.Nec3 O-O 7.Be2 e5 8.Be3 Ne8 9.O-O
f5 10.exf5 gxf5 11.f4 Nd7 12.Nd2 exf4 13.Bxf4 Ne5 14.Nf3 Ng6 15.Bg5 Bf6 16.Qd2
Ng7 17.Bd3 Bxg5 18.Qxg5 Qxg5 19.Nxg5 Ne5 20.Be2 Bd7 21.Nh3 Rae8 22.Nf4 Re7 23.h3
Rfe8 24.Kf2 Ng6 25.g3 Kf7 26.Rfe1 Kf6 27.Nd3 Ne5 28.Nf4 Ng6 29.Nd3 Ne5 30.Nf4 1/2-1/2

[Event "2. Bundesliga Mitte 2011/12"]
[Site "St.Valentin"]
[Date "2011.10.21"]
[Round "1"]
[Board "6"]
[White "Kubinger, Thomas"]
[Black "Singer, Hans"]
[Result "1/2-1/2"]
[WhiteElo "2170"]
[BlackElo "2260"]
[PlyCount "74"]
[EventDate "2011.10.21"]
[EventType "team"]
[EventRounds "11"]
[EventCountry "AUT"]
[WhiteTeam "SV Steyregg"]
[BlackTeam "SC Die Klagenfurter"]

1.d4 d5 2.c4 e6 3.Nf3 Nf6 4.Nc3 Be7 5.Bg5 h6 6.Bh4 b6 7.e3 O-O 8.Bd3 Bb7 9.O-O
Nbd7 10.Rc1 c5 11.cxd5 Nxd5 12.Bxe7 Qxe7 13.Qe2 Rfc8 14.Nxd5 Bxd5 15.Ba6 Bxf3
16.Qxf3 Rd8 17.Rfd1 cxd4 18.Rxd4 Nc5 19.Bf1 a5 20.Qc6 e5 21.Rdd1 Rab8 22.Be2
Rdc8 23.Qb5 Qf6 24.Bf3 e4 25.Be2 Rd8 26.g3 Rbc8 27.Bc4 Nd3 28.Bxd3 Rxc1 29.Rxc1
exd3 30.Rd1 d2 31.Kg2 Qe6 32.Qb3 Qxb3 33.axb3 Rd3 34.Kf3 Kf8 35.Ke4 Rxb3 36.Rxd2
Ke7 37.Kd5 Ke8 1/2-1/2

[Event "2. Bundesliga Mitte 2011/12"]
[Site "St.Valentin"]
[Date "2011.10.21"]
[Round "1"]
[Board "1"]
[White "Haba, Petr"]
[Black "Karner, Christoph"]
[Result "1-0"]
[WhiteElo "2502"]
[BlackElo "2381"]
[PlyCount "111"]
[EventDate "2011.10.21"]
[EventType "team"]
[EventRounds "11"]
[EventCountry "AUT"]
[WhiteTeam "SpG. Spark. Grieskirchen/Schallerb."]
[BlackTeam "ESV Austria Graz"]

1.e4 c5 2.Nf3 d6 3.d4 cxd4 4.Nxd4 Nf6 5.Nc3 a6 6.Be2 e5 7.Nb3 Be7 8.Bg5 Nbd7
9.a4 b6 10.Bc4 Bb7 11.Qe2 O-O 12.O-O Qc7 13.Rfd1 h6 14.Bxf6 Nxf6 15.Nd5 Nxd5
16.Bxd5 Rfc8 17.c3 Rab8 18.Nc1 b5 19.axb5 axb5 20.Bxb7 Qxb7 21.Nd3 Rc4 22.f3 Ra4
23.Rab1 Bd8 24.Kh1 Bb6 25.h3 Rba8 26.Rbc1 Bc5 27.Nxc5 dxc5 28.Rd5 Ra1 29.Rcd1
Rxd1+ 30.Qxd1 Qe7 31.Qg1 Rc8 32.Qf1 Rb8 33.Qf2 Rc8 34.Qg3 Re8 35.Kh2 f6 36.Qf2
Rc8 37.Qd2 Kh7 38.Rd7 Qe6 39.Rb7 Qc6 40.Qd5 Qxd5 41.exd5 Rd8 42.Rxb5 Rxd5 43.b4
Kg6 44.c4 Rd2 45.Rxc5 Kf5 46.b5 Rb2 47.Rc6 e4 48.Kg3 e3 49.b6 g5 50.c5 h5 51.Rc8
h4+ 52.Kh2 Rb5 53.Re8 Kf4 54.c6 e2 55.Re4+ Kf5 56.c7 1-0

[Event "2. Bundesliga Mitte 2011/12"]
[Site "St.Valentin"]
[Date "2011.10.21"]
[Round "1"]
[Board "2"]
[White "Kotz, Heinz Peter"]
[Black "Kilgus, Georg"]
[Result "1/2-1/2"]
[WhiteElo "2349"]
[BlackElo "2427"]
[PlyCount "64"]
[EventDate "2011.10.21"]
[EventType "team"]
[EventRounds "11"]
[EventCountry "AUT"]
[WhiteTeam "ESV Austria Graz"]
[BlackTeam "SpG. Spark. Grieskirchen/Schallerb."]

1.e4 e6 2.d4 d5 3.Nc3 Bb4 4.Nge2 Nf6 5.Bg5 dxe4 6.a3 Be7 7.Bxf6 gxf6 8.Nxe4 f5
9.N4c3 Nd7 10.Qd3 Nf6 11.O-O-O Qd6 12.f3 Bd7 13.Qe3 O-O-O 14.Nf4 c6 15.Nd3 Nd5
16.Qe1 Bg5+ 17.f4 Nxf4 18.Kb1 Nxd3 19.Rxd3 Rhg8 20.Na4 Kb8 21.Nc5 Bc8 22.Qa5 b6
23.Na6+ Ka8 24.Qa4 Bf6 25.Be2 Bb7 26.Bf3 Rc8 27.Rhd1 b5 28.Qa5 Bd8 29.Qb4 Qxb4
30.Nxb4 Bb6 31.Rc3 Ba5 32.Rxc6 Bxb4 1/2-1/2

[Event "2. Bundesliga Mitte 2011/12"]
[Site "St.Valentin"]
[Date "2011.10.21"]
[Round "1"]
[Board "3"]
[White "Singer, Christoph"]
[Black "Aschenbrenner, Robert"]
[Result "1/2-1/2"]
[WhiteElo "2362"]
[BlackElo "2270"]
[PlyCount "77"]
[EventDate "2011.10.21"]
[EventType "team"]
[EventRounds "11"]
[EventCountry "AUT"]
[WhiteTeam "SpG. Spark. Grieskirchen/Schallerb."]
[BlackTeam "ESV Austria Graz"]

1.e4 c6 2.d4 d5 3.exd5 cxd5 4.Bf4 Nc6 5.c3 Bf5 6.Bd3 Bxd3 7.Qxd3 e6 8.Nd2 Bd6
9.Bxd6 Qxd6 10.Ngf3 Nge7 11.O-O Qf4 12.Rfe1 O-O 13.g3 Qf5 14.Qe2 b5 15.a3 a5
16.Nb3 Qh5 17.Kg2 a4 18.Nc5 Nf5 19.Nd3 Nd6 20.h3 Rfe8 21.Nf4 Qf5 22.Kh2 Na5
23.Nh4 Qg5 24.Nd3 g6 25.f4 Qd8 26.Nc5 Nac4 27.Rab1 Ra7 28.Nf3 f6 29.Qg2 Rae7
30.Rbd1 Nf5 31.Qf2 Qd6 32.Nd3 Qc7 33.Re2 Nfd6 34.Nc5 f5 35.Ne5 Ne4 36.Nxe4 fxe4
37.Ng4 Rf8 38.Qg2 Kh8 39.h4 1/2-1/2

[Event "2. Bundesliga Mitte 2011/12"]
[Site "St.Valentin"]
[Date "2011.10.21"]
[Round "1"]
[Board "4"]
[White "Spindelboeck, Gernot"]
[Black "Schwabeneder, Florian"]
[Result "0-1"]
[WhiteElo "2235"]
[BlackElo "2252"]
[PlyCount "76"]
[EventDate "2011.10.21"]
[EventType "team"]
[EventRounds "11"]
[EventCountry "AUT"]
[WhiteTeam "ESV Austria Graz"]
[BlackTeam "SpG. Spark. Grieskirchen/Schallerb."]

1.Nf3 Nf6 2.c4 d6 3.g3 e5 4.Bg2 Be7 5.Nc3 Nbd7 6.d4 c6 7.O-O Qc7 8.Qc2 Nf8 9.h3
Ng6 10.Rd1 O-O 11.e4 Re8 12.Be3 h5 13.Rd2 Nh7 14.Rad1 Bf6 15.c5 dxc5 16.dxe5
Nxe5 17.Nxe5 Bxe5 18.f4 Bd4 19.Bxd4 cxd4 20.Rxd4 h4 21.Nb5 Qb6 22.Nd6 Rd8 23.Kh2
hxg3+ 24.Kxg3 Be6 25.b3 f6 26.Kh2 Rd7 27.e5 fxe5 28.fxe5 Nf8 29.Rh4 Qe3 30.Re4
Qh6 31.Qf2 Ng6 32.Rf1 Rf8 33.Qg3 Rxf1 34.Bxf1 Bd5 35.Nf5 Qh5 36.e6 Bxe6 37.Rxe6
Qxf5 38.Qxg6 Qxf1 {Flag!!} 0-1

[Event "2. Bundesliga Mitte 2011/12"]
[Site "St.Valentin"]
[Date "2011.10.21"]
[Round "1"]
[Board "5"]
[White "Humer, Wolfgang"]
[Black "Pfaffel, Thomas"]
[Result "1-0"]
[WhiteElo "2244"]
[BlackElo "2199"]
[PlyCount "106"]
[EventDate "2011.10.21"]
[EventType "team"]
[EventRounds "11"]
[EventCountry "AUT"]
[WhiteTeam "SpG. Spark. Grieskirchen/Schallerb."]
[BlackTeam "ESV Austria Graz"]

1.e4 c5 2.Ne2 d6 3.g3 Nf6 4.Bg2 Nc6 5.O-O g6 6.c3 Bg7 7.d4 cxd4 8.cxd4 O-O
9.Nbc3 Bg4 10.f3 Bd7 11.Be3 Rc8 12.Qd2 a6 13.Rac1 b5 14.Rfd1 Qa5 15.b3 Rfd8
16.d5 Ne5 17.Nd4 Rc7 18.Rc2 Rdc8 19.Rdc1 Kf8 20.h3 b4 21.Nce2 Rxc2 22.Rxc2 Rxc2
23.Qxc2 Bb5 24.Nc1 Ne8 25.Nxb5 Qxb5 26.Qc8 f5 27.Bf1 Qa5 28.Kf2 fxe4 29.fxe4 Qa3
30.Qxa6 Qb2+ 31.Qe2 Qb1 32.Bg2 Nf6 33.Bd2 Nfd7 34.Kg1 Nc5 35.Kh2 Qc2 36.Qf1+ Ke8
37.Bxb4 Nxe4 38.Qe2 Qxc1 39.Bxe4 Bh6 40.Be1 Be3 41.a4 Qc5 42.a5 Qd4 43.Qc2 Bd2
44.Qb1 Bxe1 45.Qxe1 Qb2+ 46.Kh1 Qxb3 47.a6 Qc4 48.a7 Qa4 49.Qe3 Nd7 50.Bd3 Qa1+
51.Qg1 Qa5 52.Bb5 Kd8 53.Bc6 Nc5 1-0

[Event "2. Bundesliga Mitte 2011/12"]
[Site "St.Valentin"]
[Date "2011.10.21"]
[Round "1"]
[Board "6"]
[White "Schrittwieser, Herbert"]
[Black "Schueller, Ernst"]
[Result "1/2-1/2"]
[WhiteElo "2206"]
[BlackElo "2195"]
[PlyCount "121"]
[EventDate "2011.10.21"]
[EventType "team"]
[EventRounds "11"]
[EventCountry "AUT"]
[WhiteTeam "ESV Austria Graz"]
[BlackTeam "SpG. Spark. Grieskirchen/Schallerb."]

1.Nf3 d6 2.d4 Nf6 3.c4 g6 4.b3 Bg7 5.Bb2 O-O 6.e3 c6 7.Nc3 Qc7 8.Be2 a6 9.Rc1 e5
10.O-O Bg4 11.h3 Bxf3 12.Bxf3 Re8 13.b4 Nbd7 14.Qb3 exd4 15.exd4 Nf8 16.d5 N8d7
17.Rfd1 c5 18.a3 Re7 19.Re1 Rae8 20.Rxe7 Rxe7 21.Be2 Ne4 22.Nxe4 Bxb2 23.Qxb2
Rxe4 24.Bf1 Qd8 25.Qb1 Qe7 26.Bd3 Re5 27.g3 Qf6 28.Kg2 h5 29.h4 Kf8 30.Qc2 Re7
31.Qb1 Ne5 32.Be2 Nd7 33.Bd3 Qd4 34.Qc2 Kg7 35.Rd1 Qf6 36.Rb1 Ne5 37.Be2 Nd7
38.Bd3 Qd4 39.Rd1 Qe5 40.Kg1 Qf6 41.Kg2 Qe5 42.Kg1 f5 43.Kg2 Qf6 44.Qd2 b6
45.Re1 Rxe1 46.Qxe1 Qe5 47.Qb1 b5 48.Kg1 cxb4 49.axb4 bxc4 50.Bxc4 f4 51.Kg2 Qc3
52.Bxa6 Ne5 53.Qe4 fxg3 54.fxg3 Ng4 55.Qe7+ Kg8 56.Qe8+ Kg7 57.Qe7+ Kg8 58.Qd8+
Kg7 59.Qe7+ Kg8 60.Qd8+ Kg7 61.Qe7+ 1/2-1/2

[Event "2. Bundesliga Mitte 2011/12"]
[Site "St.Valentin"]
[Date "2011.10.21"]
[Round "1"]
[Board "1"]
[White "Babula, Vlastimil"]
[Black "Schenk, Andreas"]
[Result "1/2-1/2"]
[WhiteElo "2572"]
[BlackElo "2499"]
[PlyCount "109"]
[EventDate "2011.10.21"]
[EventType "team"]
[EventRounds "11"]
[EventCountry "AUT"]
[WhiteTeam "Union Ansfelden"]
[BlackTeam "SK Sparkasse Fuerstenfeld"]

1.d4 Nf6 2.c4 e6 3.Nc3 Bb4 4.Bg5 c5 5.d5 exd5 6.cxd5 d6 7.e3 O-O 8.Bd3 h6 9.Bh4
Nbd7 10.Nge2 Ne5 11.O-O Ng6 12.Bg3 Nh5 13.a3 Bxc3 14.bxc3 Qe7 15.h3 Nxg3 16.Nxg3
Ne5 17.Be2 Qh4 18.Qe1 f5 19.f4 Ng6 20.Nh5 b6 21.Rb1 Re8 22.Qxh4 Nxh4 23.Kf2 Bd7
24.g3 Ng6 25.g4 Kf7 26.Ng3 Nh4 27.Rg1 Re7 28.Rbd1 Rg8 29.gxf5 Nxf5 30.e4 Nxg3
31.Rxg3 Kf6 32.Bg4 Bxg4 33.Rxg4 b5 34.h4 g6 35.Kf3 a5 36.h5 g5 37.Ke3 Reg7
38.Rf1 gxf4+ 39.Rgxf4+ Ke7 40.R1f3 b4 41.cxb4 axb4 42.axb4 cxb4 43.Rf6 Rg3
44.Rxh6 Rxf3+ 45.Kxf3 Rb8 46.Rg6 b3 47.Rg1 b2 48.Rb1 Kf6 49.Kf4 Rb4 50.h6 Kg6
51.h7 Kxh7 52.Kf5 Kg7 53.Ke6 Rxe4+ 54.Kxd6 Re2 55.Kc5 1/2-1/2

[Event "2. Bundesliga Mitte 2011/12"]
[Site "St.Valentin"]
[Date "2011.10.21"]
[Round "1"]
[Board "2"]
[White "Kuba, Guenter"]
[Black "Weiss, Christian"]
[Result "1-0"]
[WhiteElo "2384"]
[BlackElo "2402"]
[PlyCount "55"]
[EventDate "2011.10.21"]
[EventType "team"]
[EventRounds "11"]
[EventCountry "AUT"]
[WhiteTeam "SK Sparkasse Fuerstenfeld"]
[BlackTeam "Union Ansfelden"]

1.e4 c6 2.d4 d5 3.Nd2 dxe4 4.Nxe4 Bf5 5.Ng3 Bg6 6.h4 h6 7.Nf3 Nd7 8.h5 Bh7 9.Bd3
Bxd3 10.Qxd3 e6 11.Bf4 Qa5+ 12.Bd2 Qc7 13.O-O-O Ngf6 14.Ne4 O-O-O 15.g3 Nxe4
16.Qxe4 Nf6 17.Qe2 Bd6 18.Ne5 c5 19.Rh4 Rhe8 20.Nc4 cxd4 21.Rxd4 Nd5 22.Nxd6+
Rxd6 23.Bb4 Nxb4 24.Rxd6 Nxa2+ 25.Kb1 Nb4 26.Rd7 Qa5 27.Qc4+ Kb8 28.Qf4+ 1-0